[Event "VII Festival Magistrale"]
[Site "Porto San Giorgio ITA"]
[Date "1995.08.??"]
[Round "4"]
[White "Sax, Gyula"]
[Black "Gazmaga, Stefan"]
[Result "1-0"]
[WhiteElo "2550"]
[BlackElo "2235"]
[PlyCount "81"]
[EventDate "1995.08.21"]

1. e4 c5 2. Nf3 d6 3. d4 cxd4 4. Nxd4 Nf6 5. Nc3 g6 6. g3 Nc6 7. Nde2 Bg7 8.
Bg2 O-O 9. O-O Bd7 10. h3 Rc8 11. Nd5 Ne5 12. a4 Nxd5 13. exd5 a5 14. Ra2 Be8
15. Re1 Nd7 16. b3 Nc5 17. Nd4 Bd7 18. Bg5 Re8 19. Qd2 Na6 20. c3 Nc5 21. Rb2
Ra8 22. Kh2 Rc8 23. Bf1 f6 24. Bh6 Qc7 25. Bxg7 Kxg7 26. Bb5 Kh8 27. Bxd7 Qxd7
28. c4 Kg7 29. Re3 Ra8 30. Qe1 Qc7 31. Rbe2 Kf7 32. h4 h5 33. Kg2 Rac8 34. Ne6
Nxe6 35. Rxe6 Rcd8 36. Qd2 Rd7 37. Qh6 Rg8 38. f3 b6 39. g4 hxg4 40. fxg4 Rg7
41. g5 1-0

[Event "VII Festival Magistrale"]
[Site "Porto San Giorgio ITA"]
[Date "1995.08.??"]
[Round "4"]
[White "Sebastianelli, Diego"]
[Black "Vujovic, Milorad"]
[Result "1/2-1/2"]
[WhiteElo "2360"]
[BlackElo "2305"]
[PlyCount "79"]
[EventDate "1995.08.21"]

1. e4 c5 2. Nf3 d6 3. d4 cxd4 4. Nxd4 Nf6 5. Nc3 a6 6. Be3 e6 7. Qd2 b5 8. f3
Bb7 9. O-O-O Nbd7 10. g4 h6 11. Bd3 d5 12. exd5 Nxd5 13. Nxd5 Bxd5 14. Rhe1 Be7
15. f4 Nf6 16. g5 hxg5 17. fxg5 Ng4 18. Bf4 Kf8 19. g6 Qb6 20. Be4 Rd8 21. Bxd5
Rxd5 22. gxf7 e5 23. Bg5 Kxf7 24. Bxe7 Rxd4 25. Qg5 Rxd1+ 26. Rxd1 Qe3+ 27.
Qxe3 Nxe3 28. Re1 Nxc2 29. Rxe5 Nd4 30. Bc5 Rc8 31. Kd1 Rd8 32. Bxd4 Rxd4+ 33.
Ke2 Rh4 34. Rf5+ Ke6 35. Rf2 Ke5 36. Rg2 Ke4 37. Kd2 a5 38. Rxg7 Rxh2+ 39. Kc3
Rh3+ 40. Kc2 1/2-1/2

[Event "VII Festival Magistrale"]
[Site "Porto San Giorgio ITA"]
[Date "1995.08.??"]
[Round "4"]
[White "Seul, Georg"]
[Black "Borgo, Giulio"]
[Result "1-0"]
[WhiteElo "2430"]
[BlackElo "2345"]
[PlyCount "88"]
[EventDate "1995.08.21"]

1. d4 c5 2. d5 Nf6 3. Nc3 g6 4. e4 d6 5. Bb5+ Nfd7 6. Bf4 a6 7. Bxd7+ Nxd7 8.
Qd2 b5 9. Bh6 Bxh6 10. Qxh6 Nf6 11. f3 b4 12. Nd1 a5 13. Ne3 Qc7 14. Nh3 Bxh3
15. Qxh3 O-O 16. Nc4 Qb7 17. O-O Qb5 18. b3 a4 19. Qh4 axb3 20. axb3 Kg7 21.
Rae1 Ra2 22. Qf2 Nd7 23. Qd2 Ne5 24. Ne3 Kg8 25. f4 Nd7 26. Qf2 Nb6 27. Qh4 f6
28. Qg4 Qd7 29. Qg3 c4 30. bxc4 Rc8 31. e5 Nxc4 32. Ng4 f5 33. Nh6+ Kg7 34.
exd6 exd6 35. Re7+ Qxe7 36. Nxf5+ Kf8 37. Nxe7 Kxe7 38. Qh4+ Kd7 39. Qxh7+ Kd8
40. Re1 Ne5 41. fxe5 Rcxc2 42. Qg8+ Kc7 43. exd6+ Kb7 44. Qxg6 b3 1-0

[Event "VII Festival Magistrale"]
[Site "Porto San Giorgio ITA"]
[Date "1995.08.??"]
[Round "4"]
[White "Zucchelli, Massimo"]
[Black "Campanile, Antonio"]
[Result "1-0"]
[WhiteElo "2195"]
[BlackElo "2255"]
[PlyCount "53"]
[EventDate "1995.08.21"]

1. d4 f5 2. Bg5 c6 3. e3 Qb6 4. Nd2 Qxb2 5. Bd3 e6 6. Ne2 d5 7. Nf4 g6 8. h4
Bg7 9. h5 e5 10. Rb1 Qa3 11. dxe5 Na6 12. hxg6 h6 13. Bf6 Bxf6 14. exf6 Nxf6
15. g7 Rh7 16. Nh5 Ng8 17. Qf3 Qe7 18. Bxf5 Rxg7 19. Nxg7+ Qxg7 20. Bxc8 Rxc8
21. Rh3 Nc5 22. Rg3 Qf7 23. Rb4 Nf6 24. Qf5 Rc7 25. Rf4 Ncd7 26. Rg6 Ke7 27.
Rxf6 1-0

[Event "VII Festival Magistrale"]
[Site "Porto San Giorgio ITA"]
[Date "1995.08.??"]
[Round "5"]
[White "Altini, Daniele"]
[Black "Seul, Georg"]
[Result "0-1"]
[WhiteElo "2265"]
[BlackElo "2430"]
[PlyCount "62"]
[EventDate "1995.08.21"]

1. e4 d6 2. d4 g6 3. Nc3 Bg7 4. Be2 Nf6 5. h3 O-O 6. Nf3 c5 7. O-O cxd4 8. Nxd4
Nc6 9. Be3 Nxd4 10. Bxd4 Be6 11. a4 Qa5 12. Qd3 Rfc8 13. Qb5 Qc7 14. Rfd1 Nd7
15. Bxg7 Kxg7 16. Rd4 Ne5 17. Rad1 a6 18. Qb4 Nc6 19. Qa3 Nxd4 20. Rxd4 Qc5 21.
Qb4 Rab8 22. a5 b5 23. axb6 Rxb6 24. Qxc5 dxc5 25. Ra4 Rxb2 26. Bxa6 Ra8 27.
Bd3 Rxa4 28. Nxa4 Rb1+ 29. Kh2 c4 30. Be2 Rc1 31. c3 Rc2 0-1

[Event "VII Festival Magistrale"]
[Site "Porto San Giorgio ITA"]
[Date "1995.08.??"]
[Round "5"]
[White "Bellomo, Francesco"]
[Black "Sax, Gyula"]
[Result "0-1"]
[WhiteElo "2360"]
[BlackElo "2550"]
[PlyCount "64"]
[EventDate "1995.08.21"]

1. Nf3 Nf6 2. g3 d5 3. Bg2 c6 4. b3 Bg4 5. Bb2 Nbd7 6. O-O e6 7. d3 Bd6 8. Nbd2
O-O 9. e4 Ne8 10. h3 Bh5 11. Qe1 Nc7 12. Nh2 Bc5 13. Kh1 f6 14. f4 Nb5 15. Nhf3
Ba3 16. Bxa3 Nxa3 17. Qc1 Nb5 18. a4 Nc7 19. Qb2 Qe7 20. Rae1 Qb4 21. Qd4 Na6
22. exd5 exd5 23. c3 Qxd4 24. Nxd4 Nac5 25. Ne6 Nxe6 26. Rxe6 Nc5 27. Re3 Rfe8
28. Rxe8+ Rxe8 29. g4 Re2 30. Rd1 Nxd3 31. gxh5 Nf2+ 32. Kg1 Nxd1 0-1

[Event "VII Festival Magistrale"]
[Site "Porto San Giorgio ITA"]
[Date "1995.08.??"]
[Round "5"]
[White "Borgo, Giulio"]
[Black "Collutiis, Duilio"]
[Result "1-0"]
[WhiteElo "2345"]
[BlackElo "2017"]
[PlyCount "45"]
[EventDate "1995.08.21"]

1. e4 c5 2. Nf3 d6 3. d4 cxd4 4. Nxd4 Nf6 5. f3 a6 6. c4 e6 7. Be3 Be7 8. Nc3
Nbd7 9. Be2 b6 10. Nc6 Qc7 11. Nxe7 Kxe7 12. O-O Bb7 13. Qe1 Rhd8 14. Qg3 Kf8
15. Rfd1 Ne8 16. Rd2 Rab8 17. Rc1 Kg8 18. Rdc2 Ndf6 19. b4 Rdc8 20. Bd4 e5 21.
Be3 Qd8 22. Qe1 h6 23. Qd2 1-0

[Event "VII Festival Magistrale"]
[Site "Porto San Giorgio ITA"]
[Date "1995.08.??"]
[Round "5"]
[White "Ceresoli, Luigi"]
[Black "Capuano, Ruggiero"]
[Result "1-0"]
[WhiteElo "2103"]
[BlackElo "2235"]
[PlyCount "47"]
[EventDate "1995.08.21"]

1. e4 c5 2. c3 Nf6 3. e5 Nd5 4. d4 cxd4 5. cxd4 e6 6. Nc3 Nxc3 7. bxc3 Qc7 8.
Bd2 d6 9. exd6 Bxd6 10. Nf3 O-O 11. Bd3 Bf4 12. O-O Nc6 13. Re1 Bxd2 14. Qxd2
Bd7 15. Re4 Ne7 16. Ne5 Ng6 17. Nxd7 Qxd7 18. Rae1 Rac8 19. c4 Rfd8 20. h4 f5
21. Rxe6 Qxd4 22. g3 Qxd3 23. Re8+ Nf8 24. Qxd3 1-0

[Event "VII Festival Magistrale"]
[Site "Porto San Giorgio ITA"]
[Date "1995.08.??"]
[Round "5"]
[White "Godena, Michele"]
[Black "Aleksic, Nenad"]
[Result "1-0"]
[WhiteElo "2420"]
[BlackElo "2445"]
[PlyCount "57"]
[EventDate "1995.08.21"]

1. e4 c5 2. c3 b6 3. d4 Bb7 4. Nd2 e6 5. Ngf3 Nf6 6. Bd3 cxd4 7. cxd4 Be7 8.
O-O Ba6 9. Bxa6 Nxa6 10. d5 exd5 11. e5 Ne4 12. Nxe4 dxe4 13. Nd4 g6 14. Qe2
Nc5 15. b4 Nd3 16. Bh6 Bf8 17. Bxf8 Kxf8 18. Qxe4 Nxb4 19. Rad1 Kg7 20. Qg4 Na6
21. Nf5+ Kf8 22. Nd6 Qe7 23. Nxf7 Qxf7 24. Rxd7 Qf5 25. Qd4 Ke8 26. e6 Rg8 27.
Qd6 Qc5 28. Re7+ Kf8 29. Rf7+ 1-0

[Event "VII Festival Magistrale"]
[Site "Porto San Giorgio ITA"]
[Date "1995.08.??"]
[Round "5"]
[White "Lagumina, Giulio"]
[Black "Sedina, Elena"]
[Result "0-1"]
[WhiteElo "2260"]
[BlackElo "2350"]
[PlyCount "20"]
[EventDate "1995.08.21"]

1. e4 e6 2. d4 d5 3. Nc3 Bb4 4. exd5 exd5 5. Bd3 Ne7 6. Qf3 c5 7. dxc5 d4 8. a3
Qa5 9. Rb1 dxc3 10. axb4 Qa2 0-1

[Event "VII Festival Magistrale"]
[Site "Porto San Giorgio ITA"]
[Date "1995.08.??"]
[Round "5"]
[White "Marinelli, Tullio"]
[Black "Doric, Nenad"]
[Result "1-0"]
[WhiteElo "2440"]
[BlackElo "2245"]
[PlyCount "79"]
[EventDate "1995.08.21"]

1. d4 d5 2. c4 c6 3. Nf3 dxc4 4. e3 b5 5. a4 e6 6. b3 Bb4+ 7. Bd2 Bxd2+ 8. Qxd2
cxb3 9. axb5 Ne7 10. Qb4 Bb7 11. Nbd2 O-O 12. Qxb3 Nd7 13. bxc6 Bxc6 14. Ba6
Qc7 15. O-O Bxf3 16. Nxf3 Rfb8 17. Qa3 Nd5 18. Rfc1 Qb6 19. Qa4 N7f6 20. Ne5
Qb4 21. h3 Qxa4 22. Rxa4 Rb6 23. Nc4 Rb4 24. Ra3 Nc7 25. Nd6 Nxa6 26. Rxa6 Rb6
27. Rxa7 Rf8 28. Nc8 Rb2 29. Ne7+ Kh8 30. Rc8 Rb8 31. Rxb8 Rxb8 32. Nc6 Rf8 33.
f3 Nd5 34. Kf2 Kg8 35. h4 h5 36. e4 Nf6 37. Ke3 Ne8 38. Ne7+ Kh7 39. Ra8 g6 40.
d5 1-0

[Event "VII Festival Magistrale"]
[Site "Porto San Giorgio ITA"]
[Date "1995.08.??"]
[Round "5"]
[White "Mrdja, Milan"]
[Black "Bruno, Fabio"]
[Result "1-0"]
[WhiteElo "2450"]
[BlackElo "2245"]
[PlyCount "195"]
[EventDate "1995.08.21"]

1. e4 c5 2. Nf3 Nc6 3. d4 cxd4 4. Nxd4 Qb6 5. Nb3 Nf6 6. Nc3 e6 7. Qe2 d6 8.
Bf4 a6 9. O-O-O Qc7 10. Qd2 Ne5 11. Bg3 Be7 12. f4 Ng6 13. Be2 b5 14. a3 Bb7
15. Bf3 Rc8 16. Kb1 Nd7 17. h4 Nb6 18. h5 Nf8 19. h6 g6 20. Qd4 f6 21. f5 e5
22. Qd3 Nc4 23. Nd5 Bxd5 24. exd5 a5 25. Bg4 Rb8 26. Nd2 g5 27. Bh5+ Kd8 28.
Nxc4 bxc4 29. Qc3 Nd7 30. Bf2 Rb5 31. Be2 Nb6 32. Bxb6 Qxb6 33. Bxc4 Rc5 34.
Qd3 Kd7 35. a4 Bd8 36. Bb5+ Ke7 37. Qe2 Qa7 38. Bc6 Bb6 39. Rh3 Rb8 40. Rb3 Kf8
41. Ka2 Ke7 42. Ra3 Kf8 43. c3 Qf7 44. Rb3 Qa7 45. Qd3 Ke7 46. Re1 Kf8 47. Re4
Ke7 48. Kb1 Kd8 49. Kc2 Kc8 50. Ra3 Bd8 51. Rb3 Bb6 52. Qe2 Kd8 53. Rg4 Kc8 54.
Rg3 Kd8 55. Qh5 Qe7 56. Qe2 Qa7 57. Rh3 Kc8 58. Rh2 Kd8 59. Rh5 Kc8 60. Rh1 Kd8
61. Rf1 Kc8 62. Rb1 Kd8 63. Qd3 Kc8 64. Kd1 Kd8 65. g4 Qc7 66. Kc2 Ke7 67. Re1
Kd8 68. Re4 Ke7 69. Kd1 Kd8 70. Kc1 Ke7 71. Kb1 Kd8 72. Ka2 Qf7 73. Qa6 Qc7 74.
Ka1 Ke7 75. Kb1 Kd8 76. Kc2 Ke7 77. Qd3 Kd8 78. Kd1 Ke7 79. Ra3 Ba7 80. Kc2 Qb6
81. b3 Kd8 82. Kb2 Ke7 83. b4 axb4 84. Rxb4 Qa5 85. Rab3 Bb6 86. Ka3 Rxc3 87.
Qxc3 Bc5 88. Qc4 Kf8 89. Bb5 e4 90. Ka2 e3 91. Qe4 e2 92. Qe6 Rxb5 93. Rxb5
Qxa4+ 94. Kb1 Bb6 95. Qxe2 Qd4 96. Rxb6 Qg1+ 97. Ka2 Kf7 98. Qe6+ 1-0

[Event "VII Festival Magistrale"]
[Site "Porto San Giorgio ITA"]
[Date "1995.08.??"]
[Round "5"]
[White "Zucchelli, Massimo"]
[Black "Guido, Flavio"]
[Result "0-1"]
[WhiteElo "2195"]
[BlackElo "2300"]
[PlyCount "46"]
[EventDate "1995.08.21"]

1. d4 f5 2. Bg5 g6 3. e4 fxe4 4. Nc3 d5 5. f3 exf3 6. Nxf3 Nf6 7. Bd3 Bg7 8.
Qd2 Nc6 9. Bh6 O-O 10. Bxg7 Kxg7 11. O-O-O Bg4 12. Rdf1 Bxf3 13. Rxf3 e5 14.
Rh3 e4 15. Qh6+ Kg8 16. Nxe4 dxe4 17. Bc4+ Kh8 18. Qxg6 Qxd4 19. Bf7 Ne7 20.
Qg5 Rxf7 21. Rd1 Qc4 22. Rh6 Neg8 23. Rh4 Qxa2 0-1

[Event "VII Festival Magistrale"]
[Site "Porto San Giorgio ITA"]
[Date "1995.08.??"]
[Round "6"]
[White "Aleksic, Nenad"]
[Black "Ceresoli, Luigi"]
[Result "1-0"]
[WhiteElo "2445"]
[BlackElo "2103"]
[PlyCount "91"]
[EventDate "1995.08.21"]

1. e4 e5 2. Nf3 Nc6 3. c3 Nf6 4. d3 d6 5. Be2 g6 6. O-O Bg7 7. b4 O-O 8. Nbd2
a6 9. a4 Bg4 10. Ba3 Nh5 11. g3 Re8 12. Re1 Nb8 13. Bf1 Nd7 14. Bg2 Nf8 15. h3
Bd7 16. Bb2 Ne6 17. Qc2 h6 18. d4 Ng5 19. Kh2 Qc8 20. Ng1 c6 21. Rad1 Qc7 22.
a5 Rad8 23. Nb3 Be6 24. h4 Nh7 25. c4 Nf8 26. Nf3 Nf6 27. Kg1 Ng4 28. Rd2 f6
29. Red1 Kh8 30. Nh2 Nxh2 31. Kxh2 Qf7 32. dxe5 fxe5 33. Rxd6 Rxd6 34. Rxd6
Bxc4 35. Nc5 Bb5 36. Bh3 Kh7 37. Qd2 Re7 38. Kg1 Qf3 39. Rd8 Rf7 40. Bg2 Qf6
41. Rd6 Qe7 42. Bh3 Bc4 43. Bc8 Bd5 44. Rxd5 cxd5 45. exd5 Qd6 46. Bxb7 1-0

[Event "VII Festival Magistrale"]
[Site "Porto San Giorgio ITA"]
[Date "1995.08.??"]
[Round "6"]
[White "Altini, Daniele"]
[Black "Borgo, Giulio"]
[Result "0-1"]
[WhiteElo "2265"]
[BlackElo "2345"]
[PlyCount "68"]
[EventDate "1995.08.21"]

1. e4 c5 2. Nf3 Nc6 3. d4 cxd4 4. Nxd4 Nf6 5. Nc3 d6 6. Bc4 Qb6 7. Nb3 e6 8.
O-O Be7 9. Be3 Qc7 10. f4 a6 11. a4 d5 12. Bd3 dxe4 13. Bxe4 Nxe4 14. Nxe4 O-O
15. c3 Rd8 16. Qh5 h6 17. Rad1 b6 18. Nd4 Bb7 19. Nd2 Nxd4 20. Bxd4 Bc5 21. Nb3
Bf8 22. Rd3 Bd5 23. Nd2 Bc5 24. Kh1 Bxd4 25. Rxd4 Bc6 26. Nf3 Rxd4 27. Nxd4
Bxa4 28. f5 e5 29. f6 exd4 30. fxg7 Qc4 31. Rf6 Re8 32. h3 Re1+ 33. Kh2 Qc7+
34. g3 Bc6 0-1

[Event "VII Festival Magistrale"]
[Site "Porto San Giorgio ITA"]
[Date "1995.08.??"]
[Round "6"]
[White "Capuano, Ruggiero"]
[Black "Moncelli, Giorgio"]
[Result "0-1"]
[WhiteElo "2235"]
[BlackElo "2017"]
[PlyCount "59"]
[EventDate "1995.08.21"]

1. d4 d5 2. c4 e6 3. Nc3 Nf6 4. cxd5 exd5 5. Bg5 Be7 6. Qc2 O-O 7. e3 Nbd7 8.
Bd3 Re8 9. a3 Nf8 10. Nge2 c6 11. O-O Ne4 12. Bxe7 Qxe7 13. Ng3 f5 14. Rae1 Ng6
15. Bxe4 fxe4 16. f3 exf3 17. Rxf3 Bg4 18. Rf2 Rf8 19. e4 Rxf2 20. Qxf2 Rf8 21.
Qd2 dxe4 22. Ngxe4 Nf4 23. Nf2 Qd7 24. Re4 Qf5 25. Re5 Qg6 26. Re4 Bf3 27. g3
Bxe4 28. Nfxe4 Nh3+ 29. Kh1 Rf1+ 30. Kg2 0-1

[Event "VII Festival Magistrale"]
[Site "Porto San Giorgio ITA"]
[Date "1995.08.??"]
[Round "6"]
[White "Guido, Flavio"]
[Black "Zlochevskij, Alexander"]
[Result "1/2-1/2"]
[WhiteElo "2300"]
[BlackElo "2465"]
[PlyCount "57"]
[EventDate "1995.08.21"]

1. e4 g6 2. d4 Bg7 3. Nc3 d6 4. Be3 c6 5. a4 Nf6 6. h3 Qa5 7. Qd2 O-O 8. Nf3 e5
9. Be2 Re8 10. O-O Nbd7 11. Rfd1 Qc7 12. dxe5 dxe5 13. a5 Bf8 14. Bc4 Bb4 15.
Ng5 Re7 16. Qe2 Nf8 17. Na2 Bd6 18. b4 Ne8 19. c3 Ne6 20. Nc1 N8g7 21. g3 Re8
22. Kh2 Be7 23. Nxe6 Bxe6 24. Nb3 b5 25. Bxe6 Nxe6 26. Rd2 Red8 27. Rad1 Rxd2
28. Rxd2 Rd8 29. Rxd8+ 1/2-1/2

[Event "VII Festival Magistrale"]
[Site "Porto San Giorgio ITA"]
[Date "1995.08.??"]
[Round "6"]
[White "Luciani, Valerio"]
[Black "Lagumina, Giulio"]
[Result "0-1"]
[WhiteElo "2175"]
[BlackElo "2260"]
[PlyCount "60"]
[EventDate "1995.08.21"]

1. d4 d5 2. Nf3 e6 3. c4 Nf6 4. g3 dxc4 5. Bg2 Nc6 6. Qa4 Nd7 7. Qxc4 Nb6 8.
Qd3 Nb4 9. Qd1 e5 10. a3 Nc6 11. d5 Nxd5 12. Nxe5 Nxe5 13. Qxd5 Qxd5 14. Bxd5
c6 15. Ba2 Bc5 16. Bd2 Bh3 17. Bc3 Ng4 18. e3 O-O 19. b4 Bb6 20. Nd2 Rad8 21.
Ke2 Rfe8 22. Nc4 Bc7 23. f3 b5 24. fxg4 bxc4 25. Kf3 Bb6 26. Rhe1 Rd3 27. Rac1
Rexe3+ 28. Rxe3 Rxe3+ 29. Kf4 Bg2 30. Ba1 Re4+ 0-1

[Event "VII Festival Magistrale"]
[Site "Porto San Giorgio ITA"]
[Date "1995.08.??"]
[Round "6"]
[White "Naumkin, Igor"]
[Black "Vujovic, Milorad"]
[Result "1/2-1/2"]
[WhiteElo "2455"]
[BlackElo "2305"]
[PlyCount "93"]
[EventDate "1995.08.21"]

1. d4 Nf6 2. c4 e6 3. Nf3 Bb4+ 4. Bd2 Qe7 5. g3 a5 6. Bg2 Nc6 7. O-O Bxd2 8.
Qxd2 d6 9. Nc3 O-O 10. a3 Bd7 11. b3 e5 12. d5 Nb8 13. Ne1 Na6 14. Nc2 Nc5 15.
Rab1 a4 16. b4 Nb3 17. Qd3 Rfe8 18. h3 g6 19. Rbd1 Nh5 20. Kh2 f5 21. f4 g5 22.
e3 Qg7 23. fxe5 Qxe5 24. Ne2 Re7 25. Bf3 Nf6 26. Qc3 h5 27. Qxe5 Rxe5 28. Nc3
Kg7 29. Be2 Rh8 30. Rg1 Kg6 31. Bd3 Rhe8 32. Rg2 Kh6 33. Rf1 Rxe3 34. Nxe3 Rxe3
35. Bxf5 Rxc3 36. Be6 Kg6 37. Rgf2 Ne4 38. Rf8 Rc2+ 39. Kg1 Bxe6 40. dxe6 Nd4
41. e7 Ne2+ 42. Kg2 Nf4+ 43. Kf3 Nd2+ 44. Kf2 Ne4+ 45. Kf3 Nd2+ 46. Kf2 Ne4+
47. Kf3 1/2-1/2

[Event "VII Festival Magistrale"]
[Site "Porto San Giorgio ITA"]
[Date "1995.08.??"]
[Round "6"]
[White "Pepe, Mario"]
[Black "De Vita, Igor"]
[Result "0-1"]
[WhiteElo "1944"]
[BlackElo "2140"]
[PlyCount "49"]
[EventDate "1995.08.21"]

1. e4 Nf6 2. e5 Nd5 3. Nc3 Nxc3 4. bxc3 d6 5. f4 g6 6. Nf3 Bg7 7. d4 O-O 8. Bd3
c5 9. O-O dxe5 10. fxe5 Nc6 11. Bc4 Bg4 12. Be3 Qc7 13. Bd5 Rad8 14. Bxc6 Qxc6
15. h3 Bf5 16. Rf2 f6 17. exf6 exf6 18. Rd2 Be4 19. Qe2 Rfe8 20. Qf2 Bxf3 21.
gxf3 Qe6 22. Bf4 Qxh3 23. Rb1 Qf5 24. Bg3 Bh6 25. Rdd1 0-1

[Event "VII Festival Magistrale"]
[Site "Porto San Giorgio ITA"]
[Date "1995.08.??"]
[Round "6"]
[White "Sax, Gyula"]
[Black "Godena, Michele"]
[Result "1/2-1/2"]
[WhiteElo "2550"]
[BlackElo "2420"]
[PlyCount "71"]
[EventDate "1995.08.21"]

1. e4 e5 2. Nf3 Nc6 3. Bb5 a6 4. Ba4 Nf6 5. O-O b5 6. Bb3 Bc5 7. a4 Bb7 8. d3
d6 9. Nc3 b4 10. Nd5 Nxd5 11. Bxd5 O-O 12. c3 bxc3 13. bxc3 Rb8 14. d4 Bb6 15.
Ba3 Re8 16. Qd3 Qf6 17. Rab1 a5 18. Qc4 Ne7 19. Bxb7 Rxb7 20. Rb5 Ng6 21. Qc6
Rbb8 22. Bc1 exd4 23. cxd4 Nh4 24. Nxh4 Qxh4 25. Re1 Bxd4 26. Be3 Bxe3 27. Rxe3
Qe7 28. g3 Rxb5 29. axb5 h6 30. Qa6 Rb8 31. Qxa5 Qe5 32. Qxc7 Rxb5 33. Qc2 g6
34. Kg2 d5 35. Qc6 dxe4 36. Qxe4 1/2-1/2

[Event "VII Festival Magistrale"]
[Site "Porto San Giorgio ITA"]
[Date "1995.08.??"]
[Round "6"]
[White "Seul, Georg"]
[Black "Mrdja, Milan"]
[Result "0-1"]
[WhiteElo "2430"]
[BlackElo "2450"]
[PlyCount "132"]
[EventDate "1995.08.21"]

1. d4 Nf6 2. Nc3 d5 3. Bg5 Nbd7 4. Nf3 h6 5. Bh4 e6 6. e3 a6 7. Bd3 c5 8. O-O
Be7 9. Ne5 O-O 10. f4 cxd4 11. exd4 Qb6 12. Ne2 Qxb2 13. Rb1 Qa3 14. Ng3 Qd6
15. Kh1 Ne8 16. Bxe7 Qxe7 17. Qe1 Nd6 18. Qb4 Re8 19. a4 Nf6 20. Rfe1 Bd7 21.
f5 Rac8 22. fxe6 Bxe6 23. Kg1 Rc7 24. Nf1 Rec8 25. Ne3 Qd8 26. Ra1 Nfe4 27. Qa5
Nf6 28. Rab1 Rc3 29. Qxd8+ Rxd8 30. Ra1 Nfe4 31. Reb1 Rc7 32. Rb6 g5 33. Bxe4
Nxe4 34. Rab1 Rc3 35. Nd3 Nd6 36. R1b2 Ra3 37. R6b4 a5 38. Rb6 Rxa4 39. Nc5
Rxd4 40. c3 Rf4 41. Ra2 d4 42. Nxe6 fxe6 43. cxd4 Rxd4 44. Rxa5 Rc8 45. Ra2
Rc1+ 46. Kf2 Kf7 47. h3 h5 48. Ke2 Rc5 49. Kf2 Ke7 50. Rab2 Rd3 51. Ke2 Ra3 52.
Kf2 Rcc3 53. Nc2 Ra6 54. R6b4 Rac6 55. Nd4 R6c4 56. Rxc4 Rxc4 57. Nb5 Ne4+ 58.
Ke3 Nc5 59. Nd4 Rc3+ 60. Ke2 Kf6 61. Rb5 g4 62. hxg4 hxg4 63. Rb4 e5 64. Nb5
Rb3 65. Rxb3 Nxb3 66. Kd3 Nd4 0-1

[Event "VII Festival Magistrale"]
[Site "Porto San Giorgio ITA"]
[Date "1995.08.??"]
[Round "6"]
[White "Ubezio, Marco"]
[Black "Saetta, Alfredo"]
[Result "1-0"]
[WhiteElo "2185"]
[BlackElo "1939"]
[PlyCount "83"]
[EventDate "1995.08.21"]

1. e4 c5 2. Nf3 d6 3. Bb5+ Bd7 4. Bxd7+ Nxd7 5. O-O Ngf6 6. Qe2 e6 7. c3 Be7 8.
d4 cxd4 9. cxd4 O-O 10. Nc3 a6 11. e5 dxe5 12. dxe5 Nd5 13. Nxd5 exd5 14. Rd1
Nc5 15. Be3 Rc8 16. Qd2 Rc7 17. Rac1 Ne4 18. Qxd5 Qxd5 19. Rxd5 Rxc1+ 20. Bxc1
Bc5 21. Nd4 Rc8 22. Be3 h6 23. Nf5 Kf8 24. Bxc5+ Nxc5 25. f4 Ne6 26. g3 Rc1+
27. Kg2 Rc2+ 28. Kh3 Rxb2 29. a4 Rb4 30. Rd7 Ke8 31. Re7+ Kf8 32. Rd7 Rb3 33.
Kg4 Rb4 34. Nd6 Rxa4 35. Rxf7+ Kg8 36. Rxb7 g6 37. Re7 h5+ 38. Kh3 Nf8 39. e6
Ra2 40. Re8 Kg7 41. e7 Nh7 42. Rg8+ 1-0

[Event "VII Festival Magistrale"]
[Site "Porto San Giorgio ITA"]
[Date "1995.08.??"]
[Round "7"]
[White "Bellomo, Francesco"]
[Black "Sedina, Elena"]
[Result "0-1"]
[WhiteElo "2360"]
[BlackElo "2350"]
[PlyCount "82"]
[EventDate "1995.08.21"]

1. Nf3 Nf6 2. g3 d5 3. Bg2 c6 4. b3 Bf5 5. Bb2 e6 6. O-O Be7 7. d3 h6 8. Nbd2
O-O 9. Ne5 Nbd7 10. e4 Bh7 11. f4 Nxe5 12. fxe5 Nd7 13. Kh1 Qc7 14. Qe2 a5 15.
a3 Qb6 16. Rae1 Rad8 17. h4 Nc5 18. Qg4 Kh8 19. Re2 dxe4 20. Nxe4 Bxe4 21. Bxe4
a4 22. b4 Nxe4 23. Rxe4 c5 24. Ref4 cxb4 25. Rxf7 Rxf7 26. Rxf7 Qc6+ 27. Kg1
Bf8 28. Qf3 Qxf3 29. Rxf3 bxa3 30. Ba1 Bc5+ 31. Kf1 Bd4 32. Bxd4 Rxd4 33. Ke2
Rd5 34. Kd2 Rxe5 35. Rf1 b5 36. Kc3 Rc5+ 37. Kb4 Rxc2 38. Kxb5 Rc3 39. Kxa4
Rxd3 40. Rg1 a2 41. Kb4 Rxg3 0-1

[Event "VII Festival Magistrale"]
[Site "Porto San Giorgio ITA"]
[Date "1995.08.??"]
[Round "7"]
[White "Borgo, Giulio"]
[Black "Sax, Gyula"]
[Result "0-1"]
[WhiteElo "2345"]
[BlackElo "2550"]
[PlyCount "92"]
[EventDate "1995.08.21"]

1. e4 c5 2. Nf3 e6 3. c4 Nc6 4. Nc3 Nf6 5. Be2 Qb6 6. b3 d6 7. O-O Bd7 8. Ne1
g6 9. Bb2 Bg7 10. f4 O-O 11. Bd3 a6 12. Nf3 Qc7 13. Qe2 Nh5 14. g3 Nd4 15. Nxd4
Bxd4+ 16. Kg2 Bc6 17. Nd1 Bxb2 18. Nxb2 f5 19. Rae1 Nf6 20. Kg1 fxe4 21. Bc2
Rae8 22. d3 exd3 23. Nxd3 b5 24. Nf2 bxc4 25. bxc4 d5 26. Ng4 Nxg4 27. Qxg4 Qg7
28. Re5 dxc4 29. h4 Bd5 30. Qe2 Rb8 31. Be4 Rfd8 32. Rd1 c3 33. Bxd5 exd5 34.
Rexd5 Rxd5 35. Rxd5 Rb1+ 36. Kf2 Rb2 37. Rd8+ Qf8 38. Rxf8+ Kxf8 39. Ke3 Rxe2+
40. Kxe2 h5 41. Kd3 Ke7 42. Kxc3 Ke6 43. Kc4 Kf5 44. Kxc5 Kg4 45. Kd5 Kxg3 46.
Ke5 a5 0-1

[Event "VII Festival Magistrale"]
[Site "Porto San Giorgio ITA"]
[Date "1995.08.??"]
[Round "7"]
[White "Capuano, Ruggiero"]
[Black "Pepe, Mario"]
[Result "0-1"]
[WhiteElo "2235"]
[BlackElo "1944"]
[PlyCount "77"]
[EventDate "1995.08.21"]

1. Nf3 d5 2. d4 Nf6 3. c4 c6 4. Nc3 g6 5. Bf4 Bg7 6. e3 O-O 7. Bd3 Nbd7 8. h3
dxc4 9. Bxc4 Nb6 10. Bd3 Nbd5 11. Bh2 Nxc3 12. bxc3 Qa5 13. Qc2 Nd5 14. Rc1 Bh6
15. Nd2 Nf6 16. O-O Be6 17. c4 b5 18. Nb3 Qb6 19. cxb5 cxb5 20. Bc7 Qb7 21. Ba5
a6 22. Nc5 Qd5 23. Nxe6 Qxe6 24. Qb3 Qxb3 25. axb3 Rac8 26. Be2 Nd5 27. Bf3
Rxc1 28. Rxc1 Nxe3 29. Rc6 Nf5 30. Rxa6 Nxd4 31. Bd1 Rc8 32. Bb6 Rc1 33. Ra8+
Bf8 34. Rd8 Rxd1+ 35. Kh2 e5 36. g3 Nf3+ 37. Kg2 Rxd8 38. Bxd8 Nd4 39. Bc7 0-1

[Event "VII Festival Magistrale"]
[Site "Porto San Giorgio ITA"]
[Date "1995.08.??"]
[Round "7"]
[White "Di Donna, Massimo"]
[Black "Sebastianelli, Diego"]
[Result "1-0"]
[WhiteElo "2230"]
[BlackElo "2360"]
[PlyCount "59"]
[EventDate "1995.08.21"]

1. d3 d5 2. Nd2 Nf6 3. e4 e6 4. Ngf3 c5 5. c3 Nc6 6. Be2 Be7 7. O-O O-O 8. b3
b6 9. Re1 Ba6 10. Bb2 Qc7 11. Bf1 Rfd8 12. e5 Nd7 13. d4 Qb7 14. Re3 cxd4 15.
cxd4 Rdc8 16. Ne1 Bxf1 17. Nxf1 Qa6 18. a3 Qb5 19. f4 a5 20. Nd3 Rc7 21. Rh3
Nf8 22. g4 a4 23. b4 Na7 24. Ne3 Qd7 25. g5 Nb5 26. Ng4 Rc4 27. Nf6+ gxf6 28.
gxf6 Nxd4 29. Bxd4 Rxd4 30. Qh5 1-0

[Event "VII Festival Magistrale"]
[Site "Porto San Giorgio ITA"]
[Date "1995.08.??"]
[Round "7"]
[White "Gazmaga, Stefan"]
[Black "Ubezio, Marco"]
[Result "0-1"]
[WhiteElo "2235"]
[BlackElo "2185"]
[PlyCount "100"]
[EventDate "1995.08.21"]

1. c4 e5 2. Nc3 Nf6 3. Nf3 Nc6 4. e4 Bb4 5. d3 d6 6. h3 O-O 7. g3 Ne7 8. Bg2 c6
9. O-O Ng6 10. Na4 h6 11. a3 Ba5 12. b4 Bc7 13. Qe2 Re8 14. Bd2 Be6 15. Rfc1 a6
16. Rc2 Qd7 17. Kh2 b5 18. Nc3 Rec8 19. Rac1 Bb6 20. Be1 Rc7 21. Nd2 Rac8 22.
Nd1 h5 23. Ne3 h4 24. Nb3 hxg3+ 25. fxg3 Ba7 26. Bf2 bxc4 27. Nxc4 Bxf2 28.
Qxf2 Qe7 29. Rc3 d5 30. Nca5 dxe4 31. dxe4 Bxb3 32. Nxb3 Qd6 33. Qe2 Ra7 34.
Rd1 Qe7 35. Qe3 Nf8 36. Nc5 a5 37. bxa5 Rxa5 38. Rb1 Rb5 39. Rbc1 Ne6 40. Nxe6
Qxe6 41. R1c2 Rb1 42. a4 Ra1 43. Rc4 Ra2 44. Qc3 Rxc2 45. Qxc2 Qd6 46. a5 Qa3
47. Ra4 Qe3 48. Qb2 Rd8 49. a6 Rd1 50. h4 g5 0-1